000
00343 a2200157 4500
001
192389
020
_a
978-85-86218-36-1
040
_c
Magnum
100
_a
Queirós, Bartolomeu Campos de
240
1
0
_a
Antes do depois
_l
por
245
1
0
_a
Antes do depois
300
_a
48
362
0
_a
2006
697
_a
LITERATURA JUVENIL
942
_c
BK
999
_c
192389
_d
192389